A Textbook of Research Methodology (Record no. 43)

MARC details
000 -LEADER
fixed length control field 00388nam a22001577a 4500
005 - DATE AND TIME OF LATEST TRANSACTION
control field 20160426153104.0
008 - FIXED-LENGTH DATA ELEMENTS--GENERAL INFORMATION
fixed length control field 160426b xxu||||| |||| 00| 0 eng d
020 ## - INTERNATIONAL STANDARD BOOK NUMBER
ISBN 978-81-8054-686-0
041 ## - LANGUAGE CODE
Language code of text/sound track or separate title eng
082 ## - DEWEY DECIMAL CLASSIFICATION NUMBER
Item number 00162
100 ## - MAIN ENTRY--AUTHOR NAME
Personal name Tripathi, P.C.
245 ## - TITLE STATEMENT
Title A Textbook of Research Methodology
260 ## - PUBLICATION, DISTRIBUTION, ETC. (IMPRINT)
Place of publication New Delhi
Name of publisher Sultan Chand & Sons,
Year of publication 2008
300 ## - PHYSICAL DESCRIPTION
Number of Pages 364
942 ## - ADDED ENTRY ELEMENTS (KOHA)
Koha item type Books
Holdings
Lost status Damaged status Home library Date acquired Cost, normal purchase price Full call number Accession Number Koha item type
    JRU Library 26/04/2016 175.00 00162 00162 Books